Suits (TV Show) Up-to-date: Season 7, Episode 2 - Statistics

General Stats
  • This quiz has been taken 204 times
    203 since last reset
  • The average score is 25 of 44
Answer Stats
Hint Answer % Correct
Harvey's Secretary Donna Paulsen
100%
Which law school does Mike "attend" to get his "degree"? Harvard Law School
90%
What does Mike Ross drive to work? Bicycle
88%
Louis' Secretary Norma
86%
What was the law firm's name in season one? Pearson Hardman
86%
Who does Mike get engaged to in season six? Rachel Zane
85%
Who is Rachel's Dad? Robert Zane
84%
Who was the former managing partner before Jessica? Daniel Hardman
83%
After his parents died, who takes care of Mike Ross? Edith Ross
81%
What did Harvey's mother do to make Harvey hate her? She Cheated
81%
After Mike Ross cuts a deal, how many years is his prison sentence? 2 Years
78%
When Mike's suitcase pops open during the lawyer interview, what is in the suitcase? Marijuana
78%
Which law school does Rachel attend? Columbia University
74%
Since Donna becomes Louis' secretary after Norma's death, who does Harvey hire as his new secretary? Gretchen Bodinski
74%
Current Head of the S.E.C Sean Cahil
73%
What is the law firm's name in season seven? Pearson Specter Litt
69%
Who is Louis' first associate? Katrina Bennett
66%
How did Mike Ross' parents die? Car Crash
65%
Which actor plays Harvey Specter? Gabriel Macht
65%
Which actor plays Mike Ross? Patrick J. Adams
58%
Prosecutor of trial against Mike Ross for Fraud Anita Gibbs
56%
What is the song during the opening? Greenback Boogie
54%
What is Harvey's brother's name? Marcus Specter
52%
When Mike temporarily become an investment banker, who does he make a shady deal with for money? Charles Forstman
51%
Harvey's therapist/psychiatrist/psychologist? Paula Agard
51%
Which partner asks Hardman for advice and tries to take down Jessica and Harvey? Jack Soloff
49%
What company does Harvey need to sign for him to get partner? McKernon Motors
49%
Who nearly shanks Mike Ross in prison on the second night? This man was also convicted by Harvey Specter as his tenure as A.D.A. Frank Gallo
48%
While Harvey was A.D.A, who was the District Attorney he worked for? Cameron Dennis
45%
Who is Harvey's limo driver? Ray
45%
What is the name of Louis' sister? Esther
44%
What was Mike's job before becoming a fraudulent lawyer? Bike Messenger
43%
Former Head of the S.E.C Eric Woodall
40%
Who is Mike Ross' ticket out of jail, and cellmate? Kevin Miller
40%
Who is the head of the new tenants? Stu Buzzini
40%
What Law firm does Rachel's Dad work at? Rand, Kaldor, Zane
39%
Which actor plays Louis Litt? Rick Hoffman
39%
Which CEO that Harvey defends is accused of murder? Ava Hessington
37%
What is the name of the white-collar prison where Mike serves his sentence? Danbury Federal Prison
33%
What was the law firm's name before Jessica becomes Name partner or Managing Partner? Gordon, Schmidt, Van Dyke
32%
When Louis sublets the office, what line of business do the new tenants participate in? Trading
24%
What type company does Louis' sister run? Cupcake
22%
What comapny is three times the size of McKernon Motors? Fletcher Engines
19%
What is the name of Donna's Dad? Jim Paulsen
15%
No matching quizzes found
Score Distribution
Percent of People with Each Score
Percentile by Number Answered
Your Score History
You have not taken this quiz since the last reset